000 00554cam a22002171 4500
001 sa 63002842
003 DLC
005 20260227111937.0
008 890627s1963 ii 000 0 hino
010 _asa 63002842
035 _a(OCoLC)19931863
040 _aDLC
_cWaU
_dDLC
042 _apremarc
050 0 0 _aPK2098.P7
_bK32
100 1 _aJain, V. K.
245 1 0 _aKāmāyanī meṃ śabdaśakti-camatkāra.
260 _c[1963]
300 _a159 p.
_c22 cm.
500 _aIn Hindi.
600 1 0 _aPrasad, Jai Shankar,
_d1889-1937.
_tKāmāyanī.
999 _c54711
_d54711